Együttműködési megállapodást írt alá a BVOP és az SZTE ÁJTK
Elmentve itt :
| Dokumentumtípus: | Cikk |
|---|---|
| Megjelent: |
2015-05-14
|
| Sorozat: | SzegedMa.hu
|
| Kulcsszavak: | Hajdú József, Karsai Krisztina, Nagy Ferenc (jogász), Lőrincz József, Németh Zsolt, Állam- és Jogtudományi Kar, Együttműködés, Büntetés-végrehajtás Országos Parancsnoksága |
| Online Access: | http://univ.bibl.u-szeged.hu/44444 |
| LEADER | 00731nab a2200157 i 4500 | ||
|---|---|---|---|
| 001 | univ44444 | ||
| 005 | 20180306114354.0 | ||
| 008 | 171214s2015 hu o 0|| zxx d | ||
| 040 | |a SZTE UnivHistória Repozitórium |b hun | ||
| 041 | |a zxx | ||
| 245 | 0 | 0 | |a Együttműködési megállapodást írt alá a BVOP és az SZTE ÁJTK |h [elektronikus dokumentum] |
| 260 | |c 2015-05-14 | ||
| 490 | 0 | |a SzegedMa.hu | |
| 561 | |a Egyetemi hirarchívum | ||
| 695 | |a Hajdú József, Karsai Krisztina, Nagy Ferenc (jogász), Lőrincz József, Németh Zsolt, Állam- és Jogtudományi Kar, Együttműködés, Büntetés-végrehajtás Országos Parancsnoksága | ||
| 856 | 4 | 0 | |u http://univ.bibl.u-szeged.hu/44444/1/szegedma_2015_05_14_egyuttmukodesi.pdf |z Dokumentum-elérés |